| 000 | 00935cam a2200349 a 4500 | ||
|---|---|---|---|
| 001 | 106510 | ||
| 005 | 20230410130719.0 | ||
| 008 | 880404s1987 sp c 000 0cspa | ||
| 035 | _9(DLC) 88127298 | ||
| 035 | _a552840 | ||
| 942 |
_2lcc _cbk |
||
| 010 | _a 88127298 | ||
| 020 | _a8401381088 | ||
| 040 |
_aDLC _cDLC _dDLC |
||
| 043 | _ae-sp--- | ||
| 050 | 1 | 4 |
_aPN 4784 _bC392c 1987 |
| 082 | 0 | 0 | _a070.43 |
| 100 | 1 |
_aCela, Camilo José, _d1916-2002. |
|
| 245 | 1 | 0 |
_aConversaciones españolas / _cCamilo José Cela. |
| 250 | _a2a ed. | ||
| 260 |
_aBarcelona : _bPlaza & Janés, _c1987 |
||
| 300 |
_a315 p. : _bports. ; _c22 cm. |
||
| 490 | 0 | _aPlaza & Janes literaria | |
| 650 | 4 | _aEntrevistas. | |
| 650 | 4 | _aPersonajes literarios. | |
| 651 | 0 |
_aSpain _xBiography. |
|
| 600 | 1 | 0 |
_aCela, Camilo José, _d1916-2002 _vInterviews. |
| 650 | 4 | _aCFB | |
| 650 | 4 | _aColección Font Bernard | |
| 922 | _aap | ||
| 946 | _aYSL | ||
| 999 |
_c79049 _d79049 |
||